000
00302nam a22001337a 4500
008
170602b xxu||||| |||| 00| 0 eng d
020
_a
9780673992970
041
_a
eng
080
_a
93
100
_a
17
101
_a
shh
245
_a
WOMEN AND THE NATIONAL EXPERIENCE
_c
SKINNER, E
942
_2
udc
_c
BK
999
_c
15670
_d
15670